<?xml version="1.0" encoding="UTF-8"?>
<collection xmlns="http://www.loc.gov/MARC21/slim">
 <record>
  <leader>06457cam a2200913   4500</leader>
  <controlfield tag="001">771504225</controlfield>
  <controlfield tag="003">DE-627</controlfield>
  <controlfield tag="005">20241006113726.0</controlfield>
  <controlfield tag="007">tu</controlfield>
  <controlfield tag="008">131113s2014    gw |||||      00| ||ger c</controlfield>
  <datafield tag="010" ind1=" " ind2=" ">
   <subfield code="a">  2014413694</subfield>
  </datafield>
  <datafield tag="015" ind1=" " ind2=" ">
   <subfield code="a">13,N46</subfield>
   <subfield code="2">dnb</subfield>
  </datafield>
  <datafield tag="016" ind1="7" ind2=" ">
   <subfield code="a">1043656782</subfield>
   <subfield code="2">DE-101</subfield>
  </datafield>
  <datafield tag="020" ind1=" " ind2=" ">
   <subfield code="a">3406659888</subfield>
   <subfield code="c"> : EUR 29.95 (DE)</subfield>
   <subfield code="9">3-406-65988-8</subfield>
  </datafield>
  <datafield tag="020" ind1=" " ind2=" ">
   <subfield code="a">9783406659881</subfield>
   <subfield code="c">Gb. : ca. EUR 29.95 (DE), ca. EUR 30.80 (AT), ca. sfr 43.50 (freier Pr.)</subfield>
   <subfield code="9">978-3-406-65988-1</subfield>
  </datafield>
  <datafield tag="024" ind1="3" ind2=" ">
   <subfield code="a">9783406659881</subfield>
  </datafield>
  <datafield tag="035" ind1=" " ind2=" ">
   <subfield code="a">(DE-627)771504225</subfield>
  </datafield>
  <datafield tag="035" ind1=" " ind2=" ">
   <subfield code="a">(DE-576)406374740</subfield>
  </datafield>
  <datafield tag="035" ind1=" " ind2=" ">
   <subfield code="a">(DE-599)DNB1043656782</subfield>
  </datafield>
  <datafield tag="035" ind1=" " ind2=" ">
   <subfield code="a">(OCoLC)871242619</subfield>
  </datafield>
  <datafield tag="035" ind1=" " ind2=" ">
   <subfield code="a">(OCoLC)864649167</subfield>
  </datafield>
  <datafield tag="040" ind1=" " ind2=" ">
   <subfield code="a">DE-627</subfield>
   <subfield code="b">ger</subfield>
   <subfield code="c">DE-627</subfield>
   <subfield code="e">rakwb</subfield>
  </datafield>
  <datafield tag="041" ind1=" " ind2=" ">
   <subfield code="a">ger</subfield>
  </datafield>
  <datafield tag="044" ind1=" " ind2=" ">
   <subfield code="c">XA-DE-BY</subfield>
  </datafield>
  <datafield tag="050" ind1=" " ind2="0">
   <subfield code="a">N7483.M27</subfield>
  </datafield>
  <datafield tag="082" ind1="0" ind2=" ">
   <subfield code="a">111.85</subfield>
   <subfield code="q">LOC</subfield>
  </datafield>
  <datafield tag="082" ind1="0" ind2=" ">
   <subfield code="a">700</subfield>
  </datafield>
  <datafield tag="082" ind1="0" ind2="4">
   <subfield code="a">700</subfield>
   <subfield code="q">DNB</subfield>
  </datafield>
  <datafield tag="084" ind1=" " ind2=" ">
   <subfield code="a">24,1</subfield>
   <subfield code="a">8</subfield>
   <subfield code="2">ssgn</subfield>
  </datafield>
  <datafield tag="084" ind1=" " ind2=" ">
   <subfield code="a">9,10</subfield>
   <subfield code="2">ssgn</subfield>
  </datafield>
  <datafield tag="084" ind1=" " ind2=" ">
   <subfield code="a">EC 2440</subfield>
   <subfield code="2">rvk</subfield>
   <subfield code="0">(DE-625)rvk/20488:</subfield>
  </datafield>
  <datafield tag="084" ind1=" " ind2=" ">
   <subfield code="a">LH 61020</subfield>
   <subfield code="q">BVB</subfield>
   <subfield code="2">rvk</subfield>
   <subfield code="0">(DE-625)rvk/94201:</subfield>
  </datafield>
  <datafield tag="084" ind1=" " ind2=" ">
   <subfield code="a">IH 60481</subfield>
   <subfield code="q">BVB</subfield>
   <subfield code="2">rvk</subfield>
   <subfield code="0">(DE-625)rvk/58059:11640</subfield>
  </datafield>
  <datafield tag="084" ind1=" " ind2=" ">
   <subfield code="a">LH 63425</subfield>
   <subfield code="2">rvk</subfield>
   <subfield code="0">(DE-625)rvk/94352:</subfield>
  </datafield>
  <datafield tag="084" ind1=" " ind2=" ">
   <subfield code="a">20.89</subfield>
   <subfield code="2">bkl</subfield>
  </datafield>
  <datafield tag="084" ind1=" " ind2=" ">
   <subfield code="a">20.01</subfield>
   <subfield code="2">bkl</subfield>
  </datafield>
  <datafield tag="090" ind1=" " ind2=" ">
   <subfield code="a">a</subfield>
  </datafield>
  <datafield tag="100" ind1="1" ind2=" ">
   <subfield code="a">Grasskamp, Walter</subfield>
   <subfield code="d">1950-</subfield>
   <subfield code="0">(DE-588)120298139</subfield>
   <subfield code="0">(DE-627)080587178</subfield>
   <subfield code="0">(DE-576)161182399</subfield>
   <subfield code="4">aut</subfield>
  </datafield>
  <datafield tag="245" ind1="1" ind2="0">
   <subfield code="a">André Malraux und das imaginäre Museum</subfield>
   <subfield code="b">die Weltkunst im Salon</subfield>
   <subfield code="c">Walter Grasskamp</subfield>
  </datafield>
  <datafield tag="264" ind1=" " ind2="1">
   <subfield code="a">[München]</subfield>
   <subfield code="b">Beck</subfield>
   <subfield code="c">2014</subfield>
  </datafield>
  <datafield tag="300" ind1=" " ind2=" ">
   <subfield code="a">231 S.</subfield>
   <subfield code="b">zahlr. Ill.</subfield>
   <subfield code="c">25 cm</subfield>
  </datafield>
  <datafield tag="336" ind1=" " ind2=" ">
   <subfield code="a">Text</subfield>
   <subfield code="b">txt</subfield>
   <subfield code="2">rdacontent</subfield>
  </datafield>
  <datafield tag="337" ind1=" " ind2=" ">
   <subfield code="a">ohne Hilfsmittel zu benutzen</subfield>
   <subfield code="b">n</subfield>
   <subfield code="2">rdamedia</subfield>
  </datafield>
  <datafield tag="338" ind1=" " ind2=" ">
   <subfield code="a">Band</subfield>
   <subfield code="b">nc</subfield>
   <subfield code="2">rdacarrier</subfield>
  </datafield>
  <datafield tag="500" ind1=" " ind2=" ">
   <subfield code="a">Literaturverz. S. 217 - 229</subfield>
  </datafield>
  <datafield tag="520" ind1=" " ind2=" ">
   <subfield code="a">Im Frühjahr 1954 posierte André Malraux für einen Fotografen der Illustrierten Paris Match mit den ausgelegten Doppelseiten eines Kunstbildbandes. Dabei entstand eine Ikone der modernen Kulturgeschichte, die bis heute durch viele Bücher und Kataloge geistert. Im Rahmen einer Zimmerreise durch den mondänen Salon analysiert der Kunsthistoriker Walter Grasskamp Strategien der Selbstinszenierung dieses umstrittenen Autors und Politikers, um sich anschliessend dem Buch zuzuwenden, das auf dem Boden liegt, Le Musée imaginaire de la sculpture mondiale - ein imaginäres Museum der Weltkunst. Vorbilder, Entwicklungsgeschichte und Wirkung der faszinierenden Idee eines imaginären Museums stehen dann im Mittelpunkt des Buches, das auch ein vergessenes Vorbild Malraux vorstellen kann: Die fulminante Encyclopédie photographique de l'art, die der Fotograf André Vigneau zwischen 1935 und 1949 publiziert hatte. Mit dieser Wiederentdeckung wird der Vergleich verschiedener Modelle der frühen Kunstpublizistik möglich, unter denen der Münchner Anthologie &quot;Der Blaue Reite&quot; der Rang eines Pionierunternehmens zukommt: 1912 suggerierte sie zum ersten Mal typografisch die neue und kontroverse Idee einer Weltkunst, der auch Malraux anhing und deren Blütezeit hier rekapituliert wird</subfield>
  </datafield>
  <datafield tag="583" ind1="1" ind2=" ">
   <subfield code="a">Archivierung/Langzeitarchivierung gewährleistet</subfield>
   <subfield code="f">SSG</subfield>
   <subfield code="x">XA-DE-BW</subfield>
   <subfield code="2">pdager</subfield>
   <subfield code="5">DE-16</subfield>
  </datafield>
  <datafield tag="600" ind1="1" ind2="0">
   <subfield code="a">Malraux, André</subfield>
   <subfield code="d">1901-1976</subfield>
   <subfield code="x">Criticism and interpretation</subfield>
  </datafield>
  <datafield tag="600" ind1="1" ind2="0">
   <subfield code="a">Vigneau, André</subfield>
   <subfield code="d">1892-</subfield>
  </datafield>
  <datafield tag="630" ind1="2" ind2="0">
   <subfield code="a">Encyclopédie photographique de l'art</subfield>
  </datafield>
  <datafield tag="650" ind1=" " ind2="0">
   <subfield code="a">Art publishing</subfield>
   <subfield code="x">History</subfield>
   <subfield code="y">20th century</subfield>
  </datafield>
  <datafield tag="650" ind1=" " ind2="0">
   <subfield code="a">Photography of art</subfield>
   <subfield code="x">History</subfield>
   <subfield code="y">20th century</subfield>
  </datafield>
  <datafield tag="689" ind1="0" ind2="0">
   <subfield code="d">p</subfield>
   <subfield code="0">(DE-588)118576844</subfield>
   <subfield code="0">(DE-627)400007460</subfield>
   <subfield code="0">(DE-576)162112653</subfield>
   <subfield code="a">Malraux, André</subfield>
   <subfield code="d">1901-1976</subfield>
   <subfield code="2">gnd</subfield>
  </datafield>
  <datafield tag="689" ind1="0" ind2="1">
   <subfield code="d">s</subfield>
   <subfield code="0">(DE-588)4000626-8</subfield>
   <subfield code="0">(DE-627)106400541</subfield>
   <subfield code="0">(DE-576)208838821</subfield>
   <subfield code="a">Ästhetik</subfield>
   <subfield code="2">gnd</subfield>
  </datafield>
  <datafield tag="689" ind1="0" ind2="2">
   <subfield code="d">s</subfield>
   <subfield code="0">(DE-588)4133903-4</subfield>
   <subfield code="0">(DE-627)104458313</subfield>
   <subfield code="0">(DE-576)209647760</subfield>
   <subfield code="a">Kulturanthropologie</subfield>
   <subfield code="2">gnd</subfield>
  </datafield>
  <datafield tag="689" ind1="0" ind2=" ">
   <subfield code="5">DE-101</subfield>
  </datafield>
  <datafield tag="689" ind1="1" ind2="0">
   <subfield code="d">p</subfield>
   <subfield code="0">(DE-588)118576844</subfield>
   <subfield code="0">(DE-627)400007460</subfield>
   <subfield code="0">(DE-576)162112653</subfield>
   <subfield code="a">Malraux, André</subfield>
   <subfield code="d">1901-1976</subfield>
   <subfield code="2">gnd</subfield>
  </datafield>
  <datafield tag="689" ind1="1" ind2="1">
   <subfield code="d">s</subfield>
   <subfield code="0">(DE-588)4000626-8</subfield>
   <subfield code="0">(DE-627)106400541</subfield>
   <subfield code="0">(DE-576)208838821</subfield>
   <subfield code="a">Ästhetik</subfield>
   <subfield code="2">gnd</subfield>
  </datafield>
  <datafield tag="689" ind1="1" ind2=" ">
   <subfield code="5">(DE-627)</subfield>
  </datafield>
  <datafield tag="776" ind1="0" ind2="8">
   <subfield code="i">Erscheint auch als</subfield>
   <subfield code="n">Online-Ausgabe</subfield>
   <subfield code="a">Grasskamp, Walter, 1950 - </subfield>
   <subfield code="t">André Malraux und das imaginäre Museum</subfield>
   <subfield code="d">München : Verlag C.H.Beck, 2014</subfield>
   <subfield code="h">1 Online-Ressource (232 Seiten)</subfield>
   <subfield code="w">(DE-627)787810487</subfield>
   <subfield code="w">(DE-576)9787810485</subfield>
   <subfield code="z">9783406659898</subfield>
   <subfield code="z">3406659896</subfield>
  </datafield>
  <datafield tag="787" ind1="0" ind2="8">
   <subfield code="i">Rezension</subfield>
   <subfield code="a">Thürlemann, Felix, 1946 - </subfield>
   <subfield code="t">Das Museum im Kopf und die Macht über Bilder</subfield>
   <subfield code="d">2014</subfield>
   <subfield code="w">(DE-627)1757689508</subfield>
  </datafield>
  <datafield tag="787" ind1="0" ind2="8">
   <subfield code="i">Rezension</subfield>
   <subfield code="a">Schmitz, Norbert M., 1960 - </subfield>
   <subfield code="t">[Rezension von: Walter Grasskamp; André Malraux und das imaginäre Museum]</subfield>
   <subfield code="d">Regensburg : Schnell und Steiner, 2015</subfield>
   <subfield code="w">(DE-627)1677094087</subfield>
  </datafield>
  <datafield tag="856" ind1="4" ind2="2">
   <subfield code="u">http://www.gbv.de/dms/weimar/toc/771504225_toc.pdf</subfield>
   <subfield code="m">V:DE-601</subfield>
   <subfield code="m">B:DE-Wim2</subfield>
   <subfield code="q">application/pdf</subfield>
   <subfield code="x">Verlag</subfield>
   <subfield code="y">Inhaltsverzeichnis</subfield>
   <subfield code="3">Inhaltsverzeichnis</subfield>
  </datafield>
  <datafield tag="935" ind1=" " ind2=" ">
   <subfield code="i">sf</subfield>
  </datafield>
  <datafield tag="935" ind1=" " ind2=" ">
   <subfield code="i">Blocktest</subfield>
  </datafield>
  <datafield tag="936" ind1="r" ind2="v">
   <subfield code="a">EC 2440</subfield>
   <subfield code="b">Beziehungen der Literatur zu Kunst und Musik</subfield>
   <subfield code="k">Allgemeine und vergleichende Sprach- und Literaturwissenschaft. Indogermanistik. Außereuropäische Sprachen und Literaturen</subfield>
   <subfield code="k">Allgemeine und vergleichende Literaturwissenschaft.</subfield>
   <subfield code="k">Beziehungen der Literatur zu anderen Gebieten</subfield>
   <subfield code="k">Beziehungen der Literatur zu Kunst und Musik</subfield>
   <subfield code="0">(DE-627)127074920X</subfield>
   <subfield code="0">(DE-625)rvk/20488:</subfield>
   <subfield code="0">(DE-576)20074920X</subfield>
  </datafield>
  <datafield tag="936" ind1="r" ind2="v">
   <subfield code="a">LH 61020</subfield>
   <subfield code="b">Kunsttheorie und Geschichte der Kunsttheorie</subfield>
   <subfield code="k">Kunstgeschichte</subfield>
   <subfield code="k">Allgemeines. Allgemeine Kunstgeschichte</subfield>
   <subfield code="k">Theorie und Praxis der Bildenden Kunst</subfield>
   <subfield code="k">Theorie der Bildenden Kunst</subfield>
   <subfield code="k">Kunsttheorie und Geschichte der Kunsttheorie</subfield>
   <subfield code="0">(DE-627)1270641891</subfield>
   <subfield code="0">(DE-625)rvk/94201:</subfield>
   <subfield code="0">(DE-576)200641891</subfield>
  </datafield>
  <datafield tag="936" ind1="r" ind2="v">
   <subfield code="a">IH 60481</subfield>
   <subfield code="b">Sekundärliteratur</subfield>
   <subfield code="k">Romanistik</subfield>
   <subfield code="k">Französische Literatur im 20. und 21. Jahrhundert</subfield>
   <subfield code="k">Französische Literatur im 20. Jahrhundert</subfield>
   <subfield code="k">Literaturgeschichte</subfield>
   <subfield code="k">Einzelne Autoren und ausgewählte Anonyma</subfield>
   <subfield code="k">Autoren M</subfield>
   <subfield code="k">Malraux, André</subfield>
   <subfield code="k">Sekundärliteratur</subfield>
   <subfield code="0">(DE-627)1271508001</subfield>
   <subfield code="0">(DE-625)rvk/58059:11640</subfield>
   <subfield code="0">(DE-576)201508001</subfield>
  </datafield>
  <datafield tag="936" ind1="r" ind2="v">
   <subfield code="a">LH 63425</subfield>
   <subfield code="b">Malraux, André</subfield>
   <subfield code="k">Kunstgeschichte</subfield>
   <subfield code="k">Allgemeines. Allgemeine Kunstgeschichte</subfield>
   <subfield code="k">Geschichte der Kunstwissenschaft</subfield>
   <subfield code="k">Schriften über Kunsthistoriker</subfield>
   <subfield code="k">Einzeldarstellungen (Autobiografien,Biografien, Festansprachen, Leichenreden, Nachrufe u. dergl.)</subfield>
   <subfield code="k">Namen M</subfield>
   <subfield code="k">Malraux, André</subfield>
   <subfield code="0">(DE-627)1271292823</subfield>
   <subfield code="0">(DE-625)rvk/94352:</subfield>
   <subfield code="0">(DE-576)201292823</subfield>
  </datafield>
  <datafield tag="936" ind1="b" ind2="k">
   <subfield code="a">20.89</subfield>
   <subfield code="j">Kunstgeschichte: Sonstiges</subfield>
   <subfield code="0">(DE-627)106406639</subfield>
  </datafield>
  <datafield tag="936" ind1="b" ind2="k">
   <subfield code="a">20.01</subfield>
   <subfield code="j">Geschichte der Kunstwissenschaften</subfield>
   <subfield code="0">(DE-627)106406485</subfield>
  </datafield>
  <datafield tag="951" ind1=" " ind2=" ">
   <subfield code="a">BO</subfield>
  </datafield>
  <datafield tag="990" ind1=" " ind2=" ">
   <subfield code="a">Malraux, André</subfield>
  </datafield>
  <datafield tag="990" ind1=" " ind2=" ">
   <subfield code="a">Ästhetik</subfield>
  </datafield>
  <datafield tag="990" ind1=" " ind2=" ">
   <subfield code="a">Kulturanthropologie</subfield>
  </datafield>
  <datafield tag="990" ind1=" " ind2=" ">
   <subfield code="a">Malraux, André</subfield>
  </datafield>
  <datafield tag="990" ind1=" " ind2=" ">
   <subfield code="a">Ästhetik</subfield>
  </datafield>
  <datafield tag="991" ind1=" " ind2=" ">
   <subfield code="a">Rezensiertes Werk</subfield>
  </datafield>
  <datafield tag="999" ind1=" " ind2=" ">
   <subfield code="a">KXP-PPN771504225</subfield>
   <subfield code="e">4050127474</subfield>
  </datafield>
 </record>
</collection>
